LEADER 01317nam a2200301 u 4500 001 000000091365 003 CaOOAMICUS 005 20070226124825.0 008 060320s1986 be u000 u fre u 020 $a2718903082 035 $a11081854 040 $aPUL(R)$bita 245 10$aEcrits de l'Orient ancien et sources bibliques /$cpar A. Barucq ... [et al.] ; index et tables par J. Auneau. 260 $aParis :$bDesclée,$cc1986. 300 $a318 p. ;$c21 cm 490 1 $aPetite bibliothèque des sciences biblique.$aAncien Testament ;$v2 500 $aInclude indice. 504 $aBibliografia alla fine dei capitoli. 650 4$aLingue semitiche.$0(OLS)http://pul/subject/7811 700 1 $aAuneau, J.$0(OLS)http://pul/name/25522 700 1 $aBarucq, André.$0(OLS)http://pul/name/12340 830 0$aPetite bibliothèque des sciences biblique.$pAncien Testament ;$v2.$0(OLS)http://pul/title/117942 850 $aPUL 852 $aPUL$W1$xDP1 Fondo Gelio$y54$m4 A 38$j115100$nBK-PRI$b $qFondi$B115100$CPULBib$Z2$F115100 $HPUL0196 $81 941 1 $a1 996 $6020$a2718903082$9(OLS)http://pul/number/119800 996 $6245$aEcrits de l'Orient ancien et sources bibliques$9(OLS)http://pul/title/117944 996 $6260$aParis :$bDesclée$9(OLS)http://pul/publisher/54080 LEADER 01285nam a2200325 u 4500 001 000000082175 003 CaOOAMICUS 005 20070226123832.0 008 050407s2004 it u000 u ita u 020 $a8821183599 035 $a11038261 040 $aPUL$bita 041 1 $aita$hger 100 1 $aBuber, Martin,$d1878-1965.$0(OLS)http://pul/name/5557 240 10$aProblem des Menschen.$lItaliano.$0(OLS)http://pul/title/107425 245 13$aIl problema dell'uomo /$cMartin Buber ; a cura di Irene Kajon. 250 $a2. ed. 260 $aGenova ;$aMilano :$bMarietti,$c2004. 300 $axxx, 124 p. ;$c21 cm 490 1 $aBiblioteca ebraica ;$v6 504 $aBibliografia p. [121]-124. 650 4$aUomo (antropologia).$0(OLS)http://pul/subject/11830 700 1 $aKajon, Irene.$0(OLS)http://pul/name/54649 830 0$aBiblioteca ebraica ;$v6.$0(OLS)http://pul/title/43761 850 $aPUL 852 $aPUL$W1$xSL Filosofia 3$y81$m128 BUBMA 3$j130581$nBK-PRI$qDDC 21$B104748$CPULBib$Z2$F104748 $H97733 $82 941 1 $a9 996 $6020$a8821183599$9(OLS)http://pul/number/108880 996 $6245$aIl problema dell'uomo$9(OLS)http://pul/title/107426 996 $6260$aGenova ;$aMilano :$bMarietti$9(OLS)http://pul/publisher/74601 LEADER 02473nam a2200493 u 4500 001 000000048446 003 CaOOAMICUS 005 20070226115011.0 008 000505m1993 fr u000 u fre u 020 $a2204063657 (v.3) 020 $a2204053643 (v.2) 020 $a2204046841 (v.1) 035 $a10846854 040 $aPUL$bita$dPUL 100 1 $aLelièvre, André.$0(OLS)http://pul/name/25631 245 10$aCommentaire des proverbes /$cAndré Lelièvre, Alphonse Maillot. 260 $aParis :$bCerf,$c<1993-2000>. 300 $a ;$c23 cm 490 1 $aLectio divina.$aCommentaires ;$v1, 4, 8 500 $aContiene indici. 504 $aBibliografia in nota. 505 1 $av.1 Les proverbes de Salomon, chapitres 10-18 -- v.2 Chapitres 19-31 -- v.3 Chapitres 1-9 505 1 $aLes Proverbes de Salomon chapitres 10-18. 630 04$aBiblia.$pV.T.$pProverbia.$0(OLS)http://pul/subject/20447 630 04$aBiblia.$pV.T.$pProverbia$xCommenti.$0(OLS)http://pul/subject/634 700 1 $aMaillot, Alphonse.$0(OLS)http://pul/name/25630 830 0$aLectio divina.$pCommentaires ;$v1, 4, 8.$0(OLS)http://pul/title/39067 850 $aPUL 852 $aPUL$W1$xSL Religione 1$y3$m9 L 1,4,8$j64552$nBK-PRI$b $qStampati$B64552$CPULBib$Z2$F64552 $H $81 852 $aPUL$W1$xSL Religione 1$y3$m9 L 1,4,8$j64552$nBK-PRI$b $qStampati$B64553$CPULBib$Z2$F64553 $H $81 852 $aPUL$W1$xSL Religione 1$y3$m9 L 1,4,8$j64552$nBK-PRI$b $qStampati$B64554$CPULBib$Z2$F64554 $H $81 852 $aPUL$W1$xDP1 Fondo Ciprotti$y59$m1534 C 36$j64555$nBK-PRI$b $qFondi$B64555$CPULBib$Z2$F64555 $H $81 852 $aPUL$W1$xDP1 Fondo Gelio$y54$m4 A 29/1$j64556$nBK-PRI$b $qFondi$B64556$CPULBib$Z2$F64556 $HPUL0294 $81 941 1 $a8 941 1 $a1 961 $aINV: 1(82772);2:(82773);3:(81578) 961 $aINV: 1(82772);2:(82773);3:(81578) 961 $aINV: 1(82772);2:(82773);3:(81578) 961 $aINV: 0532. Fondo Ciprotti 996 $6020$a2204063657 (v.3)$9(OLS)http://pul/number/60906 996 $6020$a2204053643 (v.2)$9(OLS)http://pul/number/60907 996 $6020$a2204046841 (v.1)$9(OLS)http://pul/number/60908 996 $6245$aCommentaire des proverbes$9(OLS)http://pul/title/65242 996 $6260$aParis :$bCerf$9(OLS)http://pul/publisher/48238